000 00515 a2200181 4500
005 20250625140736.0
020 _a0-07-286293-9
082 _a302.2 DeF
100 _aDeFLEUR, H . M
245 _aFundamentals of Human Communication: Social Science in Everyday Life
250 _a3rd Ed.
260 _aBoston
_bMcGraw-Hill Irwin
_c2005.
300 _axv,454p.: ill.; figures
_bIndex, Glossary
_c23cm
700 _aPatricia Kearney
700 _aTimothy G. Plax
700 _aMelvin L. DeFleur
942 _2ddc
_cBKS
999 _c5096
_d5096